| Tag |
First Indicator |
Second Indicator |
Subfields |
| LEADER |
00000cas a2200000 a 4500 |
| 001 |
in00000053106 |
| 005 |
20151007080438.0 |
| 008 |
770325d19761976ilugr r 0 0eng d |
| 010 |
|
|
|a sn 87021360
|
| 035 |
|
|
|a (OCoLC)ocm15255558
|
| 040 |
|
|
|a IUL
|c IUL
|d NST
|d DLC
|d NSD
|d WAU
|d TXA
|d UtOrBLW
|
| 042 |
|
|
|a lcd
|
| 043 |
|
|
|a n-us---
|
| 049 |
|
|
|a TXAM
|
| 090 |
|
|
|a HT165.53.N6
|b A25
|
| 245 |
0 |
4 |
|a The ACSP-ASPO guide to graduate education in urban and regional planning.
|
| 246 |
3 |
0 |
|a Guide to graduate education in urban and regional planning
|
| 264 |
|
1 |
|a Chicago, Ill. :
|b American Society of Planning Officials,
|c [1976]
|
| 264 |
|
4 |
|c ©1976
|
| 300 |
|
|
|a 1 volume ;
|c 28 cm.
|
| 310 |
|
|
|a Biennial
|
| 336 |
|
|
|a text
|b txt
|2 rdacontent
|
| 337 |
|
|
|a unmediated
|b n
|2 rdamedia
|
| 338 |
|
|
|a volume
|b nc
|2 rdacarrier
|
| 362 |
0 |
|
|a 1976 ed.
|
| 550 |
|
|
|a "Compiled and edited for the Association of Collegiate Schools of Planning."
|
| 650 |
|
0 |
|a City planning
|x Study and teaching (Graduate)
|z United States
|v Directories.
|
| 650 |
|
0 |
|a Regional planning
|x Study and teaching (Graduate)
|z United States
|v Directories.
|
| 710 |
2 |
|
|a Association of Collegiate Schools of Planning (U.S.)
|
| 710 |
2 |
|
|a American Society of Planning Officials.
|
| 780 |
0 |
0 |
|t Guide to graduate education in urban and regional planning (East Lansing, Mich. : 1974)
|w (DLC) 2001252510
|w (OCoLC)15644900
|
| 785 |
0 |
0 |
|t Guide to graduate education in urban and regional planning
|x 1049-8613
|w (DLC) 90643717
|w (OCoLC)12578781
|
| 850 |
|
|
|a InU
|a MiEM
|a MnU
|a OrU
|
| 994 |
|
|
|a E0
|b TXA
|
| 948 |
|
|
|a cataloged
|b h
|c 2004/10/6
|d c
|e coplinger
|f 5:43:08 pm
|
| 999 |
|
|
|a MARS
|
| 999 |
f |
f |
|s 83ba0605-39ea-3dd1-9743-a8ed6a673ebf
|i deeaba49-8830-3428-8c50-300e5e722425
|t 0
|
| 952 |
f |
f |
|p ric
|a Texas A&M University
|b Rellis Campus
|c Joint Library Facility
|d Remote Storage
|t 0
|e HT167 .G85
|h Library of Congress classification
|i unmediated -- volume
|k 2nd ed.
|l 1976
|m A14807544557
|
| 998 |
f |
f |
|a HT167 .G85
|s 2nd ed. (1976)
|t 0
|l Remote Storage
|